00640 2200229 4500001002100000005001700021008004100038020001800079035002400097040001200121082001000133090002100143100001800164245008500182250001100267260003300278300002400311650002300335700001900358850001200377990002100389YOGYA-0411000000184220110421085245.0 ind  a979-95393-3-1 0010-041100000001842 aYOPDYOG a398.2 aDEP 398.2bRin J aRINI, Kartika aJepit permatabKumpulan cerita anak-anakcKartika Rinidpenyunting Tirto Suwondo aCet. 2 aYogyakartabGama Mediac1999 a43 hlmbilusc28 cm aBacaan kanak-kanak aSuwondo, Tirto aYOPDYOG aCB-D.11 2000-423